Kỹ thuật số /

Gespeichert in:
Bibliographische Detailangaben
1. Verfasser: Nguyễn, Thuý Vân
Format: Buch
Sprache:Vietnamese
Veröffentlicht: DTR 2009
Tags: Tag hinzufügen
Keine Tags, Fügen Sie den ersten Tag hinzu!
Thư viện lưu trữ: Mạng thư viện Đại học Đà Nẵng
LEADER 00604nam a2200265 4500
001 000027997
003 NG-VVV
005 20150403120000.0
008 150403s vm 000 vie
020 |c 0,0000 
040 |a notts 
100 |a Nguyễn, Thuý Vân 
245 |a Kỹ thuật số /  |c Nguyễn Thuý Vân. 
260 |b DTR  |c 2009 
OWN |a LTT 
999 |a From the UDN01 
TYP |a Monograph 
TYP |a Printed language 
980 |a Mạng thư viện Đại học Đà Nẵng